| 000 | 006200000a22001810004500 | ||
|---|---|---|---|
| 001 | 768714001 | ||
| 003 | CO-MdFUSB | ||
| 005 | 20170616101741.0 | ||
| 008 | 170616s1985 mx ||||| |||| 00| 0 spa d | ||
| 022 | _a0122-2996 | ||
| 040 |
_a0122-2996 _bspa _cCO-MdFUSB _dCO-MdFUSB |
||
| 041 | _aspa | ||
| 100 | 1 |
_aSchipani, Daniel S. _eautor |
|
| 245 | 1 | 0 | _aPautas epistemológicas en la búsqueda de alternativas para la educación teológica en América Latina |
| 300 |
_aVolumen 19 (1985), Páginas 32-60 _c28 cm. |
||
| 773 | 0 |
_tBoletín Teológico _049507 _961485 _gVolumen 19 (1985), Páginas 32-60 _qPágina 32 |
|
| 942 | _cANA | ||
| 999 |
_c59562 _d59562 |
||